| 000 | 01061nam a22002777a 4500 | ||
|---|---|---|---|
| 001 | 03051 | ||
| 003 | HDC | ||
| 007 | nam a22 1u 4500 | ||
| 008 | 201227b20112011sw ||||| |||| 00| 0 eng d | ||
| 040 | _aHDC | ||
| 100 |
_aNorman Ali _eauthor _91797 |
||
| 245 | 0 |
_aHalal Food _b: Thai Halal Food Products and International Market _c/ Norman Ali & Alisa Wanwang |
|
| 260 |
_aSweden: _bKlastad Business School, _c2011 |
||
| 300 | _a1 online resource (36 pages) | ||
| 336 |
_atext _2rdacontent |
||
| 337 |
_acomputer _2rdamedia |
||
| 338 |
_aonline resource _2rdacarrier |
||
| 500 |
_aOriginally presented as: M.A.: Kalstad University, 2011 _aIncludes bibliographical references |
||
| 650 |
_aFood _xReligious aspects _xIslam _9239 |
||
| 650 |
_aHalal food industry _zThailand _9430 |
||
| 700 |
_aWanwang, Alisa _eauthor _91798 |
||
| 856 | _zRequest full-text at [email protected] | ||
| 942 | _2lcc | ||
| 942 | _cTHE | ||
| 942 | _kTHES 000118 | ||
| 999 |
_c437 _d437 |
||